Les fleuves de France métropolitaine - Statistiques

Statistiques générales
  • Ce quiz a été pris 121 fois
  • Le résultat moyen est 8 sur 13
Statistiques - réponses
Longueur Embouchure fleuve % Correct
775 km La Manche La Seine
97%
647 km L'Océan Atlantique La Garonne
96%
1006 km L'Océan Atlantique La Loire
95%
812 km La Mer Méditerranée Le Rhône
95%
1233 km La Mer du Nord Le Rhin
93%
950 km La Mer du Nord La Meuse
55%
381 km L'Océan Atlantique La Charente
48%
483 km L'Océan Atlantique La Dordogne
48%
218 Km L'Océan Atlantique La Vilaine
46%
245 km La Manche La Somme
44%
308 km L'Océan Atlantique L'Adour
27%
224 Km La Mer Méditerranée L'Aude
24%
355 km La Mer du Nord L'Escaut
22%
Aucun quiz correspondant
Distribution des résultats
% des personnes avec chaque résultat
Percentile par nombre de réponses
Votre historique - résultats
Vous n’avez pas pris ce quiz